000 00479nam a22001817a 4500
999 _c5347
_d5347
003 GBCCL
005 20241126110539.0
008 180315b ||||| |||| 00| 0 eng d
020 _a0340379278
040 _cgbc
082 _a248.32
_bPRI
100 _aPrime, Derek
_97832
245 _aPractical Prayer:
_bThe Why and How of Prayer /
_cDerek Prime
260 _bHodder and Stoughton,
_aLondon:
_c1985
300 _a125 p.;
_c18 cm.
650 _aPrayer
_9332
942 _2ddc
_cBK
_04